| 000 -ლიდერი |
| ფიქსირებული სიგრძის საკონტროლო ველი |
01403nam a2200241Ia 4500 |
| 001 - საკონტროლო ნომერი |
| საკონტროლო ველი |
4619 |
| 003 - საკონტროლო ნომრის იდენტიფიკატორი |
| საკონტროლო ველი |
GE_BSU |
| 005 - ბოლო ოპერაციის თარიღი და დრო |
| საკონტროლო ველი |
20190508201435.0 |
| 008 - ფიქსირებული სიგრძის მონაცემთა ელემენტები - ზოგადი ინფორმაცია |
| ფიქსირებული სიგრძის საკონტროლო ველი |
181216s2005||||ge |||||||||||||| ||geo|| |
| 040 ## - კატალოგიზაციის წყარო |
| Transcribing agency |
GE_BSU |
| 041 ## - ენის კოდი |
| Language code of text/sound track or separate title |
geo |
| 080 ## - უნივერსალური ათობითი კლასიფიკაციის ინდექსი |
| Universal Decimal Classification number |
342.743(094.9)(479.22) ხ– 65 |
| 100 ## - მთავარი ჩანაწერი - პიროვნების სახელი |
| Personal name |
ხმალაძე,ვახტანგ |
| 9 (RLIN) |
922 |
| 245 ## - ცნობა სათაურის შესახებ |
| Title |
საქართველოს საგადასახადო კოდექსის კომენტარები : საქ. პროფ. ბუღალტერთა და აუდიტორთა ფედერაცია / |
| Statement of responsibility, etc |
ვახტანგ ხმალაძე ; მთ.რედ. მიხეილ ჯიბუტი; რედ : ოთარ ზოიძე, თეიმურაზ ჭელიძე |
| 264 ## - წარმოების, გამოცემის, დისტრიბუციის და სხვა ცნობები |
| გამოცემის, წარმოების, დისტრიბუციის... ადგილი |
თბილისი . : |
| გამოცემის, წარმოების, დისტრიბუციის... სახელწოდება |
თერგი, |
| გამოცემის, წარმოების, დისტრიბუციის... თარიღი |
2005. |
| 300 ## - ფიზიკური აღწერა |
| Extent |
735 გვ ; |
| Dimensions |
21სმ. |
| 653 ## - INDEX TERM--UNCONTROLLED |
| Uncontrolled term |
საქართველოს საგადასახადო კოდექსის კომენტარები. |
| 653 ## - INDEX TERM--UNCONTROLLED |
| Uncontrolled term |
სამართალი |
| 700 ## - ADDED ENTRY--PERSONAL NAME |
| Personal name |
ჯიბუტი, მიხეილ |
| Relator term |
მთავარი რედაქტორი |
| 9 (RLIN) |
908 |
| 700 ## - ADDED ENTRY--PERSONAL NAME |
| Personal name |
ზოიძე, ოთარ |
| Relator term |
რედაქტორი |
| 9 (RLIN) |
923 |
| 700 ## - ADDED ENTRY--PERSONAL NAME |
| Personal name |
ჭელიძე, თეიმურაზ |
| Relator term |
რედაქტორი |
| 9 (RLIN) |
924 |
| 942 ## - ADDED ENTRY ELEMENTS (KOHA) |
| Koha item type |
წიგნი |
| Source of classification or shelving scheme |
|